000 00634nam a22002057a 4500
999 _c704
_d704
001 10650
003 BD-DhUAP
005 20200127094738.0
008 200127s2004 bg ||||| |||| 00| 0 eng d
020 _a9848295038
040 _aBD-DhUAP
_bEng
_cBD-DhUAP
_dBD-DhUAP
082 _223
_a320.95492 COM
245 _aCombating the Khasi uprooting :
_bhumanity cries /
_cEdited by Mizanur Rahman.
260 _aDhaka :
_bELCOP,
_c2004.
300 _a320 pages ;
_c22 cm.
650 _aKhasi (Indic people)
_vPolitics and government.
651 _aBangladesh
_vPolitics and government
_y1971.
700 _aRahman, Mizanur.
942 _2ddc
_cBK